000 00420nam a22001577a 4500
003 OSt
020 _a9781405177009
040 _c0
_d0
082 _222
_a690.0681
100 _aAshworth, Allan.
245 _aPre-Contract studies :
_bDevelopment economics tendering and estimating /
250 _a3rd ed.
260 _aUnited Kingdom,
_bBlackwell,
_cc2008.
300 _axii, 364 p. ;
_bill. ;
_c26 cm.
942 _2ddc
_cCIVIL
999 _c4924
_d4924